Sports Quiz

Random Sports or MLB Quiz

Any MVP by MLB Team Quiz Stats

 Plays Quiz Updated Nov 18, 2018

Challenge
Share
Tweet
Embed
Score 0/27 Timer 06:00
18 Plays Today
Team Player(s) % Correct
YankeesAlex Rodriguez (2), Don Mattingly, Thurman Munson, Elston Howard, Mickey Mantle (3), Roger Maris (2), Yogi Berra (3), Phil Rizzuto, Joe DiMaggio (3), Spud Chandler, Joe Gordon, Lou Gehrig
98.9%
GiantsBuster Posey, Barry Bonds (5), Jeff Kent, Kevin Mitchell, Willie McCovey, Willie Mays (2), Carl Hubbell (2)
96.6%
RedsJoey Votto, Barry Larkin, George Foster, Joe Morgan (2), Pete Rose, Johnny Bench (2), Frank Robinson, Frank McCormick, Bucky Walters, Ernie Lombardi
95.7%
CubsKris Bryant, Sammy Sosa, Andre Dawson, Ryne Sandberg, Ernie Banks (2), Hank Sauer, Phil Cavarretta, Gabby Hartnett
94.2%
CardinalsAlbert Pujols (3), Willie McGee, Keith Hernandez, Joe Torre, Bob Gibson, Orlando Cepeda, Ken Boyer, Stan Musial (3), Marty Marion, Mort Cooper, Joe Medwick, Dizzy Dean, Frankie Frisch
93.9%
DodgersClayton Kershaw, Kirk Gibson, Steve Garvey, Sandy Koufax, Maury Wills, Don Newcombe, Roy Campanella (3), Jackie Robinson, Dolph Camilli
93.8%
PiratesAndrew McCutchen, Barry Bonds (2), Willie Stargell, Dave Parker, Roberto Clemente, Dick Groat
93.2%
Red SoxMookie Betts, Dustin Pedroia, Mo Vaughn, Roger Clemens, Jim Rice, Fred Lynn, Carl Yastrzemski, Jackie Jensen, Ted Williams (2), Jimmie Foxx
91.8%
BravesChipper Jones, Terry Pendleton, Dale Murphy (2), Hank Aaron, Bob Elliot
91.7%
PhilliesJimmy Rollins, Ryan Howard, Mike Schmidt (3), Jim Konstanty, Chuck Klein
91.6%
AthleticsMiguel Tejada, Jason Giambi, Dennis Eckersley, Rickey Henderson, Jose Canseco, Reggie Jackson, Vida Blue, Bobby Shantz, Jimmie Foxx (2), Lefty Grove
91%
TigersMiguel Cabrera (2), Justin Verlander, Willie Hernandez, Denny McLain, Hal Newhouser (2), Hank Greenberg (2), Charlie Gehringer, Mickey Cochrane
90.2%
OriolesCal Ripken Jr. (2), Boog Powell, Frank Robinson, Brooks Robinson
89.5%
MarinersIchiro Suzuki, Ken Griffey Jr.
87%
Team Player(s) % Correct
AngelsMike Trout (2), Vladimir Guerrero, Don Baylor
86.9%
BrewersChristian Yelich, Ryan Braun, Robin Yount (2), Rollie Fingers
86.6%
RangersJosh Hamilton, Alex Rodriguez, Ivan Rodriguez, Juan Gonzalez (2), Jeff Burroughs
85.9%
TwinsJoe Mauer, Justin Morneau, Rod Carew, Harmon Killebrew, Zoilo Versalles
83.6%
NationalsBryce Harper
82.7%
AstrosJeff Bagwell, Jose Altuve
77.7%
White SoxFrank Thomas (2), Dick Allen, Nellie Fox
76.9%
RoyalsGeorge Brett
76.6%
MarlinsGiancarlo Stanton
76.6%
Blue JaysJosh Donaldson, George Bell
61.2%
RockiesLarry Walker
60.9%
PadresKen Caminiti
39.8%
IndiansAl Rosen, Lou Boudreau
23%

You're not logged in!

Compare scores with friends on all Sporcle quizzes.
OR
Log In

You Might Also Like...

Show Comments

Extras

Top Quizzes Today


Score Distribution

Your Account Isn't Verified!

In order to create a playlist on Sporcle, you need to verify the email address you used during registration. Go to your Sporcle Settings to finish the process.

Report this User

Report this user for behavior that violates our Community Guidelines.

Details: